Stanovenie arzénu atómovou absorpčnou spektrometriou a rozpúšťacou chronopotenciometriou

Gespeichert in:
Bibliographische Detailangaben
1. Verfasser: Zelenayová, Barbora (Verfasst von)
Weitere Verfasser: Čacho, František (Betreuung Doktorarbeit)
Format: Manuskript Buch
Sprache:Slowakisch
Veröffentlicht: 2015
Schlagworte:
Online-Zugang:http://is.stuba.sk/zp/portal_zp.pl?podrobnosti=92941
Tags: Tag hinzufügen
Keine Tags, Fügen Sie das erste Tag hinzu!

MARC

LEADER 00000ntm a22000003a 4500
001 stuzp46562
003 SK-STU
005 20160719153127.1
007 ta
008 150427s2015----xo-----f-mn---000-0-slo-d
040 |a STU  |b slo 
041 0 |a slo 
100 1 |a Zelenayová, Barbora  |u 041180  |4 aut  |U FCHPT Ústav analytickej chémie  |T FCHPT Oddelenie analytickej chémie  |X 42934  |U C1180  |Y 108  |7 42934 
242 0 1 |a Determination of arsenic by atomic absorption spectrometry and stripping chronopotentiometry  |y eng 
245 1 0 |a Stanovenie arzénu atómovou absorpčnou spektrometriou a rozpúšťacou chronopotenciometriou 
260 |c 2015 
650 4 |a atómová absorpčná spektrometria  |2 slo 
650 4 |a chemický modifikátor  |2 slo 
650 4 |a arzén  |2 slo 
650 4 |a rozpúšťacia chronopotenciometria  |2 slo 
650 4 |a arsenic  |2 eng 
650 4 |a stripping chronopotentiometry  |2 eng 
650 4 |a atomic absorption spectrometry  |2 eng 
650 4 |a chemical modifier  |2 eng 
700 1 |a Čacho, František  |4 ths  |X 19738  |7 A0000019738 
856 4 |u http://is.stuba.sk/zp/portal_zp.pl?podrobnosti=92941 
SQL |a stuzp46562  |b DBP  |c SLO  |d Stanovenie arzénu atómovou absorpčnou spektrometriou a rozpúšťacou chronopotenciometriou  |e 42934  |f Zelenayová, Barbora  |g 041180  |h 19738  |i Čacho, František  |j 20150713  |k 753  |l 04  |m http://is.stuba.sk/zp/portal_zp.pl?podrobnosti=92941  |n B-CHEMAT  |o 4.1.14. chémia, 5.2.18. chemické technológie